[Event "Schweinfurt op 29th"]
[Site "Schweinfurt"]
[Date "2019.06.22"]
[Round "5"]
[White "Wilm, Konrad"]
[Black "Westerhoff, Ralf"]
[Result "1-0"]
[WhiteElo "1735"]
[BlackElo "1487"]
[PlyCount "85"]
[EventDate "2019.06.20"]
[EventType "swiss"]
[EventRounds "7"]
[EventCountry "GER"]
[SourceTitle "CBM 191 Extra"]
[Source "ChessBase"]
[SourceDate "2019.09.30"]
[SourceVersion "1"]
[SourceVersionDate "2019.09.30"]
[SourceQuality "1"]

1. e4 c5 2. Nf3 Nc6 3. Bc4 e6 4. 0-0 g6 5. c3 Bg7 6. d3 Nge7 7. Bb3 0-0 8. Be3 b6 9. h3 Bb7 10. Nbd2 d5 11. exd5 Nxd5 12. Ne4 Qc7 13. Bg5 Ne5 14. Nxe5 Qxe5 15. Re1 Kh8 16. Qc1 Qc7 17. Bh6 Qc6 18. Bxg7+ Kxg7 19. f3 Rad8 20. Nf2 Ne7 21. Ng4 Nf5 22. Qc2 b5 23. Qe2 Qd6 24. Rad1 Qg3 25. Qf2 Qf4 26. Qxc5 Rd5 27. Bxd5 Bxd5 28. Qf2 h5 29. Ne3 Bxa2 30. Nxf5+ Qxf5 31. Qxa7 Bd5 32. Qd4+ f6 33. c4 bxc4 34. dxc4 Bb7 35. Qd7+ Rf7 36. Qxe6 Qg5 37. Qe3 Qg3 38. b4 g5 39. Re2 Kg6 40. b5 Qc7 41. c5 Bc8 42. b6 Qc6 43. Qe4+ 1-0